Best Selling Nintendo GameCube Games - Statistics

General Stats
  • This quiz has been taken 1,278 times
  • The average score is 21 of 46
Answer Stats
Copies Sold Worldwide Game % Correct
6.31 million Super Mario Sunshine
92%
6.95 million Mario Kart: Double Dash!!
87%
7.07 million Super Smash Bros. Melee
87%
4.60 million The Legend of Zelda: The Wind Waker
85%
1.59 million The Legend of Zelda: Twilight Princess
74%
2.82 million Metroid Prime
72%
1.33 million Metroid Prime 2: Echoes
72%
3.60 million Luigi's Mansion
66%
2.47 million Mario Party 4
66%
2.08 million Mario Party 5
66%
1.65 million Mario Party 6
66%
1.57 million Mario Party 7
66%
2.54 million Pokemon Colosseum
63%
1.25 million Pokemon XD: Gale of Darkness
63%
1.62 million Kirby Air Ride
56%
1.87 million Star Fox Adventures
54%
1.08 million Star Fox: Assault
54%
1.63 million Pikmin
53%
1.20 million Pikmin 2
53%
2.56 million Sonic Adventure 2 Battle
51%
1.27 million Sonic Adventure DX: Director's Cut
51%
1.60 million Sonic Heroes
51%
2.05 million Sonic Mega Collection
51%
3.15 million Animal Crossing
47%
1.42 million Resident Evil
47%
1.69 million Resident Evil 4
47%
1.29 million Resident Evil Zero
47%
2.25 million Paper Mario: The Thousand Year Door
43%
1.22 million Mario Power Tennis
41%
1.53 million Mario Golf: Toadstool Tour
39%
1.61 million Super Mario Strikers
32%
1.15 million Donkey Konga
25%
1.90 million Star Wars Rogue Leader: Rogue Squadron II
23%
1.49 million Final Fantasy: Crystal Chronicles
22%
1.46 million Mario Superstar Baseball
22%
1.46 million Super Monkey Ball
21%
1.52 million Super Monkey Ball 2
21%
1.34 million Donkey Kong Jungle Beat
16%
1.50 million Soul Calibur II
13%
1.21 million Need for Speed Underground
11%
1.14 million Need for Speed Underground 2
11%
1.10 million Tales of Symphonia
10%
1.41 million LEGO Star Wars: The Video Game
8%
1.19 million Spider-Man: The Movie
8%
1.04 million Naruto: Clash of Ninja 2
5%
1.02 million Shrek 2
4%
No matching quizzes found
Score Distribution
Percent of People with Each Score
Percentile by Number Answered
Your Score History
You have not taken this quiz